Former MLB players in NPB (2026 season) - Statistics

General Stats
  • This quiz has been taken 20 times
  • The average score is 17 of 65
Answer Stats
Current team MLB Teams Name Hint % Correct
Tohoku Rakuten Golden Eagles LAD(2016–19)MIN(2020–23) DET(2024–25) Kenta Maeda Japan national team (2013WBC)Cy Young Award voting: 2nd place (2020)
67%
Hiroshima Toyo Carp PIT(2017–20) José Osuna
61%
Yomiuri Giants NYY(2014–20) Masahiro Tanaka 78 career wins in MLBJapan national team (2009WBC)
61%
Fukuoka SoftBank Hawks TOR(2015–18)HOU(2018–20) Roberto Osuna the 2019 AL saves leaderMexico national team (2017WBC)
61%
Yokohama DeNA BayStars OAK(2023)BAL(2023) Shintaro Fujinami Japan national team (2017WBC)
61%
Tohoku Rakuten Golden Eagles STL(2017–18)NYY(2019–21) SD(2022) WSH(2022) MIL(2022) Luke Voit the 2020 AL home run leader
56%
Yokohama DeNA BayStars TB(2020–21)
LAD(2021) PIT(2021–22)
Yoshi Tsutsugo Japan national team (2017WBC)
56%
Tokyo Yakult Swallows HOU(2014–15)MIL(2015–18) SEA(2019) CLE(2020) Domingo Santana 30 home runs in 2017
50%
Chiba Lotte Marines CIN(2013–14) Neftalí Soto Puerto Rico national team (2023WBC)
50%
Orix Buffaloes ARI(2018–19)SEA(2020) Yoshihisa Hirano pitched in 75 games in 2018 Japan national team (2017WBC)
50%
Hiroshima Toyo Carp COR(2022–24) Elehuris Montero
44%
Hokkaido Nippon-Ham Fighters SD(2018–19)CLE(2019–22)
CHC(2022) KC(2023)
Franmil Reyes 30 home runs in 2021
44%
Chunichi Dragons MIN(2015–22)LAA(2024) Miguel Sanó 34 home runs in 2019
44%
Chiba Lotte Marines LAD(2021–23)PIT(2023) Andre Jackson
39%
Orix Buffaloes KC(2017)WSH(2021–23) Andrés Machado Venezuela national team (2023, 2026 WBC)
39%
Fukuoka SoftBank Hawks BOS(2022)WSH(2023) Jeter Downs Nicaragua national team (2026WBC)
39%
Hokkaido Nippon-Ham Fighters TEX(2021–22) Kohei Arihara
39%
Fukuoka SoftBank Hawks BOS(2024) Naoyuki Uwasawa
39%
Hiroshima Toyo Carp TEX(2024) Sandro Fabian
39%
Yomiuri Giants LAA(2023)HOU(2024) Trey Cabbage
39%
Saitama Seibu Lions BAL(21–22)DET(2023) OAK(2025) Tyler Nevin son of the Angels manager before last
39%
Chiba Lotte Marines PIT(2014–21) Gregory Polanco Dominica Republic national team (2017WBC)
33%
Hiroshima Toyo Carp CIN(2020–21) Shogo Akiyama Japan national team (2017WBC)
33%
Hiroshima Toyo Carp TEX(2019–23)ATL(2023) KC(2023) Taylor Hearn
33%
Chunichi Dragons NYY(2020–21)TEX(2022) KC(2022) NYY(2022–23) Albert Abreu Dominican Republic national team (2026WBC)
28%
Saitama Seibu Lions CHC(2023–24)PIT(2025) Alexander Canario
28%
Fukuoka SoftBank Hawks BOS(2019–22) Darwinzon Hernández
28%
Yokohama DeNA BayStars CWS(2010–14) Dayán Viciedo 25 home runs in 2012
28%
Hanshin Tigers CHC(2011–13)TOR(2020–21) Rafael Dolis
28%
Chiba Lotte Marines SF(2021–22)OAK(2023) KC(2024–25) Sam Long
28%
Chunichi Dragons SF(2021–22)CIN(2023) SEA(2024) Jason Vosler
22%
Orix Buffaloes SD(2016–20)MIL(2022) Luis Perdomo
22%
Hokkaido Nippon-Ham Fighters PIT(2021–23)PHI(2023) Rodolfo Castro
22%
Yomiuri Giants BOS(2020–24) CWS(2025) Bobby Dalbec 25 home runs in 2021
17%
Yokohama DeNA BayStars ARI(2022)SEA(2023) HOU(2024) BAL(2025) HOU(2025) Cooper Hummel
17%
Hanshin Tigers OAK(2023–24)DET(2024) TOR(2024–25) Easton Lucas
17%
Chunichi Dragons MIA(2020)ARI(2021) Humberto Mejía Panama national team (2023, 2026WBC)
17%
Tokyo Yakult Swallows MIA(2019)
LAA(2020–25)
José Quijada Venezuela national team (2023WBC)
17%
Tohoku Rakuten Golden Eagles MIA(2015–20)DET(2021) MIL(2022) COR(2022–23) CWS(2023) TEX(2024) NYM(2025) TOR(2025) LAD(2025) MIN(2025) LAA(2025) José Ureña 14 wins in 2014
17%
Chunichi Dragons ATL(2021–22)OAK(2023–24) Kyle Muller
17%
Chunichi Dragons KC(2015)SF(2017) Orlando Calixte
17%
Tohoku Rakuten Golden Eagles CLE(2022–23)SD(2025) Oscar González
17%
Yomiuri Giants PHI(2020–21)TEX(2021–23) SF(2024) CLE(2024) Spencer Howard
17%
Saitama Seibu Lions SD(2018–19)DET(2023) BOS(2024) CHC(2024) Trey Wingenter
17%
Orix Buffaloes CHC(2022) Anderson Espinoza
11%
Hanshin Tigers PIT(2025) Cam Devanney
11%
Tohoku Rakuten Golden Eagles MIN(2025) Carson McCusker
11%
Hanshin Tigers BAL(2025) Carson Ragsdale
11%
Saitama Seibu Lions MIA(2024) Emmanuel Ramírez
11%
Yomiuri Giants HOU(2024–25)TB(2025) Forrest Whitley
11%
Hiroshima Toyo Carp ATL(2022)OAK(2023) MIA(2025) Freddy Tarnok
11%
Yokohama DeNA BayStars ARI(2019, 21) Jon Duplantier
11%
Chiba Lotte Marines SD(2018–19, 22–23)ARI(2025) NYM(2025) SEA(2025) BAL(2025) José Castillo
11%
Hokkaido Nippon-Ham Fighters SEA(2025)WSH(2025) Sauryn Lao
11%
Yokohama DeNA BayStars SD(2024–25) Sean Reynolds
11%
Yomiuri Giants WSH(2021) Alberto Baldonado Panama national team (2023, 2026WBC)
6%
Saitama Seibu Lions ATL(2023–24)NYY(2025) Allan Winans
6%
Orix Buffaloes TB(2025) Bob Seymour
6%
Yomiuri Giants TOR(2019) Elvis Luciano the first MLB player born in the 2000s
6%
Yokohama DeNA BayStars SD(2017)CWS(2018–23) ARI(2023) PHI(2024–25) ATL(2025) José Ruiz
6%
Tokyo Yakult Swallows LAA(2022) Nash Walters
6%
Orix Buffaloes SF(2022–25) Sean Hjelle the tallest player in MLB history
6%
Yokohama DeNA BayStars KC(2023)ATL(2025) Austin Cox
0%
Hanshin Tigers CIN(2021–22)PIT(2023, 25) Dauri Moreta
0%
Tohoku Rakuten Golden Eagles PIT(2021–24)LAA(2024) BAL(2025) COR(2025) Roansy Contreras Dominican Republic national team (2023WBC)
0%
No matching quizzes found
Score Distribution
Percent of People with Each Score
Percentile by Number Answered
Your Score History
You have not taken this quiz